000
00257nam a2200097 4500
245
_a
Bones and distances : poems
_c
by Srinivas Rayaprol
100
_a
Rayaprol, Srinivas
260
_a
Calcutta
_b
P. Lal
_c
c 1968
300
_a
32p. ; 22cm
082
_a
In
_b
821.2 RAY
999
_c
844
_d
844